Click the Drake Song Title Ending - Statistics

General Stats
  • This quiz has been taken 827 times
  • The average score is 27 of 35
Answer Stats
Hint Answer % Correct
God's Plan
95%
Jimmy Cooks
92%
8am In Charlotte
90%
In My Feelings
89%
First Person Shooter
88%
Fair Trade
88%
Do Not Disturb
87%
Girls Want Girls
86%
Slime You Out
86%
Marvins Room
86%
Rich Flex
85%
Search & Rescue
85%
Champagne Poetry
84%
You Only Live Twice
84%
Can't Take A Joke
83%
Knife Talk
83%
Teenage Fever
82%
Drew A Picasso
81%
Hours In Silence
80%
Chicago Freestyle
79%
Fire & Desire
77%
Stories About My Brother
76%
Race My Mind
76%
No Friend In The Industry
75%
Tuscan Leather
75%
Privileged Rappers
68%
From Florida With Love
67%
Sandra's Rose
67%
Diamonds Dancing
66%
Bahamas Promises
65%
Weston Road Flows
64%
When To Say When
64%
Major Distribution
63%
Under Ground Kings
61%
305 To My City
59%
No matching quizzes found
Score Distribution
Percent of People with Each Score
Percentile by Number Answered
Your Score History
You have not taken this quiz